000 00635nam a2200229Ia 4500
003 OSt
005 20220925235828.0
006 a|||||r|||| 00| 0
007 ta
008 220923b |||||||| |||| 00| 0 hin d
037 _cGeneral Book
040 _aRTL
_cRTL
_bhin
041 _2hin
_ahin
082 _aX7, K5
100 _aTaylor Philip E.
_9301766
245 0 _aRajvitta ka arthshastra Translated by Nirmala Gup
260 _a New Delhi
_bEurasia Publishing India
_c1965
300 _a684p.
_ccm.
650 _aPublic Finance
942 _hX7, K5
_cGB
_2CC
999 _c597991
_d597991